000 00431nam a2200181Ia 4500
001 17003
005 20260306170353.0
008 260306t2014||||xx |||||||||||||| ||und||
041 _aESP
082 _a657.42
_bG23 2014
100 _aGarcía Colín, Juan
_eAUT
245 0 _aContabilidad de costos
260 _c2014
300 _axvi, 320 páginas :
_c27 cm.
650 _aGEN
654 _aCCO
942 _cLIB
_dJUS
_fJUS
_2ddc
_n
999 _c17003
_d17003